Xây dựng và ứng dụng quy trình phát hiện đồng thời các chất màu và chất bảo quản trong son môi bằng HPLC-PDA : Luận văn tốt nghiệp Cao học. Chuyên ngành Kỹ thuật hóa học
Tìm hiểu các quy trình phân tích của RB, MPa, PP trong son môi bằng phương pháp HPLC, khảo sát các điều kiện xử lý mẫu, điều kiện sắc ký, thẩm định quy trình phân tích, kiểm tra RB, MPa, PP bằng phương pháp HPLC trong son môi trên thị trường An Gi...
Saved in:
| Main Author: | |
|---|---|
| Format: | Book |
| Language: | Undetermined |
| Published: |
Cần Thơ
Trường Đại học Cần Thơ
2017
|
| Subjects: | |
| Tags: |
Add Tag
No Tags, Be the first to tag this record!
|
| Institutions: | Trung tâm Học liệu Trường Đại học Cần Thơ |
|---|
| LEADER | 01244nam a2200193Ia 4500 | ||
|---|---|---|---|
| 001 | CTU_225336 | ||
| 008 | 210402s9999 xx 000 0 und d | ||
| 082 | |a 543.84 | ||
| 082 | |b V106 | ||
| 100 | |a Nguyễn, Ngọc Vàng | ||
| 245 | 0 | |a Xây dựng và ứng dụng quy trình phát hiện đồng thời các chất màu và chất bảo quản trong son môi bằng HPLC-PDA : | |
| 245 | 0 | |b Luận văn tốt nghiệp Cao học. Chuyên ngành Kỹ thuật hóa học | |
| 245 | 0 | |c Nguyễn Ngọc Vàng ; Tôn Nữ Liên Hương (Cán bộ hướng dẫn) | |
| 260 | |a Cần Thơ | ||
| 260 | |b Trường Đại học Cần Thơ | ||
| 260 | |c 2017 | ||
| 520 | |a Tìm hiểu các quy trình phân tích của RB, MPa, PP trong son môi bằng phương pháp HPLC, khảo sát các điều kiện xử lý mẫu, điều kiện sắc ký, thẩm định quy trình phân tích, kiểm tra RB, MPa, PP bằng phương pháp HPLC trong son môi trên thị trường An Giang. | ||
| 650 | |a High performance liquid chromatography,Sắc ký lỏng hiệu năng cao | ||
| 980 | |a Trung tâm Học liệu Trường Đại học Cần Thơ | ||